00505nam a2200109Ia 4500008004100000020001800041100008400059245016400143260002700307650001200334856004900346171212s9999 xx 000 0 und d a9780833090324 aSchmidt, Lara;O'Connell, Caolionn;Miyake, Hirokazu;Shah, Akhil R.;Baron, Joshua cSchmidt, Lara;O'Connell, Caolionn;Miyake, Hirokazu;Shah, Akhil R.;Baron, JoshuaaCyber PracticesbWhat Can the U.S. Air Force Learn from the Commercial Sector? bRAND Corporationc2015 aHistory uhttp://jstor.org/stable/10.7249/j.ctt19rmczn